Babylon - 5 Seconds of Summer (All Lyrics) - Statistics

General Stats
  • This quiz has been taken 458 times
  • The average score is 264 of 323
Answer Stats
Babylon % Correct
Verse 1 I
99%
a
98%
we
97%
Chorus We
97%
the
94%
The
94%
Babylon
93%
go
93%
it
93%
no
93%
to
93%
you
93%
You
93%
all
91%
gone
91%
when
91%
down
90%
but
89%
But
89%
could
89%
bright
88%
fall
88%
had
88%
is
88%
let
88%
too
88%
both
87%
Burn
87%
hardest
87%
higher
87%
now
87%
than
87%
fire's
86%
knew
86%
love
86%
part
86%
place
86%
thought
86%
Watch
86%
watch
86%
said
85%
harder
83%
knowing
83%
on
83%
our
83%
just
82%
and
81%
wanted
80%
headspace
78%
my
78%
still
78%
can
77%
more
77%
stay
77%
we're
77%
night
76%
one
76%
home
73%
if
72%
your
72%
way
69%
we'd
69%
been
67%
faded
67%
base
64%
that
64%
face
63%
in
63%
always
61%
erased
61%
drive
60%
see
60%
not
59%
of
58%
Was
58%
has
57%
we've
57%
trace
54%
phase
53%
Verse 2 I'm
52%
small
52%
blank
50%
amused
48%
fight
46%
phased
45%
tired
45%
color
42%
residue
41%
so
41%
moon
39%
slate
38%
fuse
36%
clue
35%
wish
35%
cold
34%
are
33%
half
33%
mood
33%
new
33%
white
33%
immune
32%
June
31%
start
30%
short
29%
rude
25%
truths
23%
feud
18%
No matching quizzes found
Score Distribution
Percent of People with Each Score
Percentile by Number Answered
Your Score History
You have not taken this quiz